| 000 | 00000nas 2200000za 4500 |
| 001 | 9.862417 |
| 003 | CaOODSP |
| 005 | 20221107161018 |
| 007 | cr ||||||||||| |
| 008 | 180926d19571982oncar p oss f000#a0fre|d |
| 022 | |y0380-6294 |
| 040 | |aCaOODSP|bfre |
| 041 | |aeng|afre |
| 043 | |an-cn--- |
| 086 | 1 |aCS63-207-PDF |
| 245 | 00|aMotion picture theatres and film distributors |h[ressource électronique]. |
| 246 | 13|aCinémas et distributeurs de films |f1967- |
| 260 | |aOttawa : |bDominion Bureau of Statistics, Industry and Merchandising Division, |c1959-[1984?] |
| 310 | |aAnnuel |
| 362 | 0 |a1957- |
| 362 | 1 |aNe parâit plus après la livr. de 1982. |
| 500 | |aTitre parallèle, 1967- : Cinémas et distributeurs de films. |
| 500 | |aÉdition numérisée de l’imprimé [par Statistique Canada] |
| 515 | |aLa livr. de 1957 num v. 3, pt. 3-R-1. |
| 515 | |aLa livr. de 1971 non publié. |
| 546 | |aTexte en anglais seulement, 1957-1966; texte en anglais et en français, 1967-1982. |
| 550 | |aPublié 1961-1969 par la Division du commerce et des services; 1970-1977, par Statistique Canada, Division du commerce et des services; 1978- , par la Section des services. |
| 580 | |aFait suite à : Motion picture theatres, exhibitors and distributors. |
| 692 | 07|2gccst|aIndustrie cinématographique |
| 710 | 1 |aCanada. |bBureau fédéral de la statistique. |bDivision de l'industrie et du commerce. |
| 710 | 1 |aCanada.|bBureau fédéral de la statistique.|bDivision du commerce et des services. |
| 710 | 2 |aStatistique Canada.|bDivision du commerce et des services. |
| 710 | 2 |aStatistique Canada.|bSection du commerce de service. |
| 791 | |tMotion picture theatres and film distributors |eeng|w(CaOODSP)9.862416 |